000 01064nac a22003497a 4500
001 BR0902019
003 BR-BrBNA
005 20240105123735.0
008 230509b bl.|||m| |||| 00| 0 por d
040 _aBR-BrBNA
_bpor
_cBiblioteca Nacional de Agricultura
072 _aH10; H20
090 _a0720 BR0902019
100 1 _aSilveira, J.R.P.
100 1 _aSimonetto, P.R.
100 1 _aCastro, L.A.S. de
100 1 _aRosseto, E.A.
110 1 _aFundação Estadual de Pesquisa Agropecuária, Porto Alegre, RS (Brasil)
_94887
245 1 _aEscaldadura das folhas da ameixeira
260 3 _aPorto Alegre, RS (Brasil):
_c2003.
300 _a13 p.
490 _aCircular Técnica - Fundação Estadual de Pesquisa Agropecuária (Brazil)
_vno. 24
_xISSN 0104-9097
500 _a24 ref.
650 _aAMEIXA
650 _aPRAGA DE PLANTA
650 _aPATÓGENO
650 _aESCALDADURA
650 _aFOLHA
650 _aBACTÉRIA
650 _aCONTROLE INTEGRADO
909 _a202312
_bLúcia Elande
_c55
_dLúcia Elande
942 _2AGRIS
_n0
_cMS
999 _c296791
_d296791